000
00288nam a22001097a 4500
008
160518b xxu||||| |||| 00| 0 eng d
020
_a
0781754682
041
_a
eng
080
_a
61
245
_a
NMS National medical seres for independent study medicine:
_c
Allen R. Myers;
942
_2
udc
_c
BK
999
_c
2195
_d
2195